Normal view
MARC view
- Dinet, Etienne,
Entry Personal Name
001 - CONTROL NUMBER
- control field: 23132
003 - CONTROL NUMBER IDENTIFIER
- control field: NUST
005 - DATE AND TIME OF LATEST TRANSACTION
- control field: 20191008121430.0
008 - FIXED-LENGTH DATA ELEMENTS
- fixed length control field: 191008|| aca||aabn | a|a d
040 ## - CATALOGING SOURCE
- Original cataloging agency: NUST
- Transcribing agency: NUST
100 ## - HEADING--PERSONAL NAME
- Personal name: Dinet, Etienne,
- Dates associated with a name: 1861-1929.
670 ## - SOURCE DATA FOUND
- Source citation: Work cat.: (NUST)0: Dinet, Etienne, 1861-1929., Un maître de la peinture algérienne, Nasreddine Dinet /, c1975.
